Політологія: збірник вправ і завдань для самостійної роботи, глосарій (Запис № 311580)

МАРК-запис
000 -Лідер
fixed length control field 00783nam a22002417a 4500
001 - Контрольний номер
control field 25287
003 - Ідентифікатор контрольного номера
control field UA-OsUOA
005 - Дата та час останнього входження (трансакції)
control field 20241106162758.0
007 - Фіксоване поле фізичного опису
fixed length control field ta
008 - Елементи даних фіксованої довжини – загальна інформація
fixed length control field 20040330b un ||||| |||| 00| 0 ukr d
020 ## - Міжнародний стандартний книжковий номер (ISBN)
Міжнародний стандартний книжковий номер (ISBN) (НП) 966-521-227-3
040 ## - Джерело каталогізації
Агенція оригінальної каталогізації UA-OsUOA
Мова каталогізації ukr
Агенція, яка здійснювала перезапис UA-OsUOA
Агенція, яка здійснювала модифікацію UA-OsUOA
041 ## - Код мови
Код мови тексту/ звукової доріжки чи окремого заголовка (П) ukr
044 ## - Код країни видавця/ виробника
Код країни видавця/ виробника (П) UA
080 ## - Індекс Універсальної десяткової класифікації
Індекс Універсальної десяткової класифікації (УДК) (НП) 32(076.1)
090 ## - Локальний шифр розміщення
Класифікаційний індекс УДК 32(076.1)
Авторський знак (НП) П50
245 ## - Відомості про назву
Назва (НП) Політологія: збірник вправ і завдань для самостійної роботи, глосарій
Решта назви (НП) методичний посібник до підручника Політологія
Дані про відповідальність (НП) за ред. А. Колодій
260 ## - Публікація, розповсюдження і т.п. (Вихідні дані)
Місце публікації, розповсюдження і т.п. (П) Київ
Ім’я/ наймення видавництва, розповсюджувача і т.п. (П) Ельга, МІка-Центр
Дата публікації, розповсюдження і т.п. (П) 2003
300 ## - Фізичний опис
Обсяг 280 с.
650 #7 - Додаткове предметне введення – тематичний термін
Джерело заголовка чи терміна UDC
942 ## - Додаткові елементи входу (Коха)
Тип елемента Koha Книги
Source of classification or shelving scheme Universal Decimal Classification
955 ## - Код типу видання за змістом
Код типу видання за змістом (НП) інше
Фонди
Стан вилучень Стан втрат Джерело класифікації або схеми стелажів Стан уражень Не для кредиту Постійне місце розташування Поточне розміщення Дата придбання Вартість, звичайна ціна покупки Інвентарний номер Усього замовленно Повний номер виклику Штрих-код Дата останнього перегляду Ціна ефективна від Тип елемента Koha Дата останньої перевірки
    Universal Decimal Classification     ЧЗ - Читальна зала ЧЗ - Читальна зала 30/03/2004 15.40 78190   32(076.1) П50 78190 06/02/2022 30/03/2004 Книги  
    Universal Decimal Classification     ЧЗ - Читальна зала ЧЗ - Читальна зала 30/03/2004 15.40 78191   32(076.1) П50 78191 06/02/2022 30/03/2004 Книги  
    Universal Decimal Classification     ЧЗ - Читальна зала ЧЗ - Читальна зала 30/03/2004 15.40 78192   32(076.1) П50 78192 07/02/2022 30/03/2004 Книги  
    Universal Decimal Classification     ЧЗ - Читальна зала ЧЗ - Читальна зала 01/04/2004 15.40 78346 1 32(076.1) П50 78346 19/12/2025 30/03/2004 Книги 26/07/2019
    Universal Decimal Classification     ЧЗ - Читальна зала ЧЗ - Читальна зала 01/04/2004 15.40 78347   32(076.1) П50 78347 06/02/2022 30/03/2004 Книги  
    Universal Decimal Classification     ЧЗ - Читальна зала ЧЗ - Читальна зала 01/04/2004 15.40 78348   32(076.1) П50 78348 06/02/2022 30/03/2004 Книги  
    Universal Decimal Classification     ЧЗ - Читальна зала ЧЗ - Читальна зала 01/04/2004 15.40 78349   32(076.1) П50 78349 07/02/2022 30/03/2004 Книги  
    Universal Decimal Classification     ЧЗ - Читальна зала ЧЗ - Читальна зала 01/04/2004 15.40 78350   32(076.1) П50 78350 07/02/2022 30/03/2004 Книги